[Event "Pan American-ch U18"]
[Site "Cali"]
[Date "2015.06.28"]
[Round "1"]
[White "Blanco Rojas, Benjamin"]
[Black "Villegas, Franco"]
[Result "0-1"]
[WhiteElo "1815"]
[BlackElo "2138"]
[PlyCount "38"]
[EventDate "2015.06.28"]
[EventType "swiss"]
[EventRounds "9"]
[EventCountry "COL"]
[SourceTitle "EXT 2016"]
[Source "ChessBase"]
[SourceDate "2015.10.08"]
[SourceVersion "1"]
[SourceVersionDate "2015.10.08"]
[SourceQuality "1"]

1. e4 c5 2. Nf3 Nc6 3. d4 cxd4 4. Nxd4 Qb6 5. Nb3 Nf6 6. Bd3 e6 7. Be3 Qc7 8. f4 Bb4+ 9. c3 Be7 10. N1d2 d6 11. g4 d5 12. f5 h5 13. g5 Ng4 14. Qf3 Nxe3 15. Qxe3 h4 16. Rf1 Qd8 17. Nf3 Bd7 18. Bc4 Na5 19. Nxa5 Qxa5 0-1